1669 1858 1359 1257 1075 1275 1228 1842 1281 1402 1792 1128 1014 1404 1810 1028 1363 1612 1268 1059 1350 1465 1750 1135 1075 1564 1775 1526 1421 1568 1309 1710 1482 1394 1192 1094 1788 1120 1866 1568 1793 1808 1825 1358 1264 1476 1521 1245 1508 1753 1092 1242 1406 1418 1618 1212 1119 1980 1355 1189 1262 1192 1852 1786 1076 1059 1385 1050 1663 1063 1455 1693 1296 1518 1009 1270 1372 1055 1901 1583 1380 1146 1943 1557 1666 1888 1896 1696 1252 1844 1922 1533 1578 1517 1430 1455 1742 1575 1799 BCNSPRNW ULIB Ver.6.0+V

เปลี่ยนเป็นภาษาไทย

Change to English
 แสดงรายละเอียดบรรณานุกรม
  กลับหน้าหลัก

Brief Record : Get Marc (ISO 2709) : E-mail record : QR code < ปิดหน้าต่าง
LEADER : 00000nam 2200000uu 4500
001    13399108450
003     ULIB
008    110303s2009||||th 000 0 eng d
020    978141604687
060     WY150^bB627M 2009 V.1
245 00 Medical-surgical nursing :^bclinical management for positive outcomes volume 1 /^cedited by Joyce M. Black, Jane Hokanson Hawks, Annabelle M. Keene
250    8th ed.
260    Philadelphia :^bSaunders,^c2009
300    1 v.1-1178 pp :^bill.
650  2 Nursing Care
650  2 Perioperative Nursing
700 1  Black, Joyce M.,^eed.
700 1  Hawks, Jane Hokanson,^eed.
700 1  Keene, Annabelle M.,^eed.
945    ^p0^l0^i029051
995    Kesorn
999 ^a ใช้งานได้ทุกระบบ
รายการนี้ยังไม่มีแท็ก
คุณยังไม่ได้ล็อกอิน คุณสามารถมีกิจกรรมร่วมกับเว็บไซต์ได้ แต่ต้องล็อกอินก่อน ::
  ล็อกอิน

รายการสื่อสารสนเทศ

ลำดับที่ ประเภท เลขเรียก/บาร์โค้ด สถานที่ สถานะ
- ไม่พบข้อมูล -

รายการใกล้เคียง
    หัวเรื่อง [Nursing Care]
    หัวเรื่อง [Perioperative Nursing]

BibComment


ยังไม่เคยถูกคอมเมนท์

คอมเมนท์ทรัพยากรรายการนี้
  คอมเมนท์: Medicalsurgical n..


 Copyright 2026. Bcnsprnw @Library